000
00336cam a2200145ua 4500
041
_a
eng
_h
082
_a
823.301
_b
KIN/PE
100
_a
Kingston, W H .
245
_a
Peper the Whaley /
_c
W H Kingston.
_h
Textual Documents
260
_a
:
_b
Longmans ,
_c
1964.
300
_a
97 ; .
504
_a
942
_c
BK
999
_c
3372
_d
3372